<?xml version="1.0" encoding="UTF-8"?>
<record
    xmlns:xsi="http://www.w3.org/2001/XMLSchema-instance"
    xsi:schemaLocation="http://www.loc.gov/MARC21/slim http://www.loc.gov/standards/marcxml/schema/MARC21slim.xsd"
    xmlns="http://www.loc.gov/MARC21/slim">

  <leader>02144nab a2200241 ab4500</leader>
  <controlfield tag="005">20260527064141.0</controlfield>
  <controlfield tag="008">251016c2025    ve fr poo#   #00|   spa d</controlfield>
  <controlfield tag="003"></controlfield>
  <datafield tag="040" ind1=" " ind2=" ">
    <subfield code="a">MX-MxUPN</subfield>
    <subfield code="b">spa</subfield>
    <subfield code="c">MX-MxUPN</subfield>
    <subfield code="e">aacr2</subfield>
  </datafield>
  <datafield tag="100" ind1="1" ind2=" ">
    <subfield code="a">Ch&#xE1;vez Rea, Wilmer Rafael</subfield>
    <subfield code="9">59681</subfield>
  </datafield>
  <datafield tag="245" ind1="1" ind2=" ">
    <subfield code="a">Meditaci&#xF3;n en el &#xE1;mbito escolar: &#x201C;incertidumbres y reflexiones&#x201D;</subfield>
    <subfield code="h">[recurso electr&#xF3;nico en l&#xED;nea]</subfield>
  </datafield>
  <datafield tag="506" ind1="0" ind2=" ">
    <subfield code="a">Acceso abierto</subfield>
  </datafield>
  <datafield tag="520" ind1="3" ind2=" ">
    <subfield code="a">La meditaci&#xF3;n es una t&#xE9;cnica oriental milenaria, con or&#xED;genes discutibles e imprecisos, que ha brindado por varias d&#xE9;cadas beneficios vinculados con la tranquilidad, la paz interior y la salud integral del hombre. Motivo por el cual, ha sido de inter&#xE9;s permanente, en nuestro mundo globalizado. Su difusi&#xF3;n, en lugares marciales, deportivos, sociales y hasta religiosos, demuestran la importancia de alfabetizarla y llevarla a la practicidad. No obstante, en el &#xE1;mbito escolar su incorporaci&#xF3;n y aceptaci&#xF3;n, ha sido min&#xFA;scula, posiblemente por algunos principios y h&#xE1;bitos de nuestra cultura occidental. Aunado a la inexperiencia de las autoridades educativas y de los docentes responsables de llevar a cabo el proceso de ense&#xF1;anza y aprendizaje. Ante esta realidad, el presente ensayo, destaca ciertas incertidumbres y reflexiones, generadas de una revisi&#xF3;n bibliogr&#xE1;fica fundamentada en la meditaci&#xF3;n y su incorporaci&#xF3;n en el &#xE1;mbito escolar. En este sentido, el estado del arte explorado, resalta vivencias significativas del meditar en las aulas de clases. Brevemente, se han comprobado sus beneficios generales en el hombre. Ahora bien, &#xBF;Qu&#xE9; argumentos deben esgrimirse para justificar la incorporaci&#xF3;n de la meditaci&#xF3;n en el campo educativo? </subfield>
    <subfield code="c">REDINE</subfield>
  </datafield>
  <datafield tag="650" ind1=" " ind2="2">
    <subfield code="a">Meditaci&#xF3;n</subfield>
    <subfield code="9">5887</subfield>
  </datafield>
  <datafield tag="653" ind1=" " ind2=" ">
    <subfield code="a">Contexto escolar</subfield>
  </datafield>
  <datafield tag="653" ind1=" " ind2=" ">
    <subfield code="a">Incertidumbres</subfield>
  </datafield>
  <datafield tag="653" ind1=" " ind2=" ">
    <subfield code="a">Reflexiones</subfield>
  </datafield>
  <datafield tag="773" ind1=" " ind2=" ">
    <subfield code="g">Vol. 17, no. 1 (2025), p. 36-41</subfield>
    <subfield code="t">REDINE : red de investigaci&#xF3;n educativa</subfield>
    <subfield code="x">2244&#x2013;7997</subfield>
  </datafield>
  <datafield tag="856" ind1="4" ind2=" ">
    <subfield code="u">https://revistas.uclave.org/index.php/redine/article/view/5134</subfield>
  </datafield>
  <datafield tag="856" ind1="4" ind2=" ">
    <subfield code="u">https://revistas.uclave.org/index.php/redine/article/view/5134/3663</subfield>
  </datafield>
  <datafield tag="902" ind1=" " ind2=" ">
    <subfield code="a">Leonor Sotres/260526</subfield>
  </datafield>
  <datafield tag="942" ind1=" " ind2=" ">
    <subfield code="c">ART-E</subfield>
  </datafield>
  <datafield tag="952" ind1=" " ind2=" ">
    <subfield code="0">0</subfield>
    <subfield code="1">0</subfield>
    <subfield code="4">0</subfield>
    <subfield code="7">0</subfield>
    <subfield code="8">CAA</subfield>
    <subfield code="a">BCUPN50</subfield>
    <subfield code="b">BCUPN50</subfield>
    <subfield code="c">ENL</subfield>
    <subfield code="d">2026-05-26</subfield>
    <subfield code="l">0</subfield>
    <subfield code="r">2026-05-26 11:35:34</subfield>
    <subfield code="u">https://revistas.uclave.org/index.php/redine/article/view/5134/3663</subfield>
    <subfield code="w">2026-05-26</subfield>
    <subfield code="y">ART-E</subfield>
  </datafield>
  <datafield tag="999" ind1=" " ind2=" ">
    <subfield code="c">215209</subfield>
    <subfield code="d">215209</subfield>
  </datafield>
</record>
